<?xml version="1.0" encoding="UTF-8"?>
<marc:record xmlns:marc="http://www.loc.gov/MARC21/slim">
   <marc:leader>00000nam a2200000 a 4500</marc:leader>
   <marc:datafield ind1=" " ind2=" " tag="653">
      <marc:subfield code="a">Biographie</marc:subfield>
   </marc:datafield>
   <marc:datafield ind1=" " ind2=" " tag="653">
      <marc:subfield code="a">DVD-Video</marc:subfield>
   </marc:datafield>
   <marc:datafield ind1=" " ind2=" " tag="653">
      <marc:subfield code="a">Automobilmotorsport</marc:subfield>
   </marc:datafield>
   <marc:datafield ind1=" " ind2=" " tag="653">
      <marc:subfield code="a">Motorsport</marc:subfield>
   </marc:datafield>
   <marc:datafield ind1="0" ind2="0" tag="245">
      <marc:subfield code="a">Rush</marc:subfield>
   </marc:datafield>
   <marc:datafield ind1="0" ind2="0" tag="245">
      <marc:subfield code="b">Alles für den Sieg</marc:subfield>
   </marc:datafield>
   <marc:datafield ind1=" " ind2="1" tag="264">
      <marc:subfield code="b">Universum Film</marc:subfield>
      <marc:subfield code="c">2014</marc:subfield>
   </marc:datafield>
   <marc:datafield ind1="1" ind2=" " tag="520">
      <marc:subfield code="a">Darsteller: Daniel Brühl, Chris Hemsworth, Alexandra Maria Lara, Olivia Wilde
Regisseur(e): Ron Howard
Als der Brite James Hunt in den 1970er Jahren erstmals auf seinen österreichischen Konkurrenten Niki Lauda trifft, kollidieren nicht nur zwei überdurchschnittlich talentierte Rennfahrer, sondern auch zwei grundverschiedene Persönlichkeiten. Hunt ist verstört von Laudas rücksichtslosem, zielorientiertem Auftreten, Lauda entnervt von Hunts maßlosem Playboy-Leben. Als beide 1976 um die Formel-1-WM kämpfen und Lauda dabei fast sein Leben verliert, lernen sich die erbitterten Konkurrenten zu respektieren. </marc:subfield>
   </marc:datafield>
   <marc:datafield ind1="3" ind2=" " tag="024">
      <marc:subfield code="a">888837851992</marc:subfield>
   </marc:datafield>
</marc:record>
